Statistics for Northernmost Summer and Southernmost Winter Olympic Cities

Click here to take the quiz!

General Stats

  • This quiz has been taken 109 times
  • The average score is 5 of 10

Answer Stats

HintOlympic Cities% Correct
Northernmost Summer OlympicsHelsinki
85%
Northernmost Summer OlympicsMoscow
70%
Northernmost Summer OlympicsBerlin
56%
Northernmost Summer OlympicsStockholm
56%
Southernmost Winter OlympicsBeijing
49%
Northernmost Summer OlympicsAmsterdam
42%
Southernmost Winter OlympicsNagano
37%
Southernmost Winter OlympicsSalt Lake City
36%
Southernmost Winter OlympicsSquaw Valley
23%
Southernmost Winter OlympicsPyeongChang
16%

Score Distribution

Percentile by Number Answered

Percent of People with Each Score

Your Score History

You have not taken this quiz